| 000 | 00629nam a2200217Ia 4500 | ||
|---|---|---|---|
| 003 | IN-BaIIA | ||
| 008 | 211028s9999 xx 000 0 eng d | ||
| 020 | _a978-019-850886-1 | ||
| 040 | _cIIA Library | ||
| 080 |
_a535.14 _bGAR |
||
| 100 |
_aGarrison, J. C _932831 |
||
| 245 | 0 |
_aQuantum optics _cJ. C Garrison and R. Y Chiao |
|
| 260 |
_aOxford _bOxford University Press _c2008 |
||
| 300 | _axiii, 716p. | ||
| 650 |
_aPhoton detection _932832 |
||
| 650 |
_aQuantum noise _925432 |
||
| 650 |
_aQuantum optics _96294 |
||
| 650 | _aQuantum theory | ||
| 700 |
_aChiao, R. Y. _932833 |
||
| 942 | _cBK | ||
| 999 |
_c17398 _d17398 |
||